Fundamental of organizational theory and behaviour (Record no. 817515)

MARC details
000 -LEADER
fixed length control field 00593nam a2200217Ia 4500
008 - FIXED-LENGTH DATA ELEMENTS--GENERAL INFORMATION
fixed length control field 101110s9999 xx 000 0 und d
041 ## - LANGUAGE CODE
Language code of text/sound track or separate title ENGLISH
082 ## - DEWEY DECIMAL CLASSIFICATION NUMBER
Item number SR24853
100 ## - MAIN ENTRY--PERSONAL NAME
Personal name Mathew M.J.
245 ## - TITLE STATEMENT
Title Fundamental of organizational theory and behaviour
260 ## - PUBLICATION, DISTRIBUTION, ETC. (IMPRINT)
Date of publication, distribution, etc 2003
Name of publisher, distributor, etc RBSA publishers, Jaipur
300 ## - PHYSICAL DESCRIPTION
Extent 421
365 ## - TRADE PRICE
Price amount 800
520 ## - SUMMARY, ETC.
Summary, etc Commerce
546 ## - LANGUAGE NOTE
Language note ENGLISH
630 ## - SUBJECT ADDED ENTRY--UNIFORM TITLE
Uniform title Fundamental of organizational theory and behaviour
650 ## - SUBJECT ADDED ENTRY--TOPICAL TERM
Topical term or geographic name as entry element Commerce
655 ## - INDEX TERM--GENRE/FORM
Genre/form data or focus term Commerce
730 ## - ADDED ENTRY--UNIFORM TITLE
Uniform title Fundamental of organizational theory and behaviour
942 ## - ADDED ENTRY ELEMENTS (KOHA)
Koha item type Book
Holdings
Withdrawn status Lost status Damaged status Not for loan Home library Current library Shelving location Date acquired Source of acquisition Cost, normal purchase price Shelving control number Total Checkouts Barcode Date last seen Price effective from Koha item type
        D. B. J. College, Chiplun D. B. J. College, Chiplun     Anjani prakashan, Pune, bill no2395, dt.17/10/2003 800.00     DBJSR24853 11/11/2010 11/11/2010 Book